000 00813nam a22002297a 4500
999 _c63348
_d63348
005 20240530110636.0
008 170925s2015 ua f b 000 0 ara d
017 _a2013/4117
_bمصر. دار الكتب
020 _a9789779101880
040 _aEG-CaGPL
_cEG-CaGPL
082 0 4 _221
_a811.009 /
_bع ت
100 0 _aعبدالله حلمى
245 1 0 _aتاويل النص الشعرى :
_bشعر المتنبى نموذجا /
_cعبدالله حلمى
260 _aالقاهرة :
_c2015
_bالهيئة المصرية العامة للكتاب ،
300 _a417 ص. ؛
_c24 سم.
600 0 4 _aالمتنى
650 0 7 _2qrmak
_aالشعر العربى
650 0 7 _2qrmak
_aالشعر العربى
_xدواوين و قصائد
651 _2qrmak
942 _2ddc
_cBK